000 00976cam a2200277 4500
001 J114714
008 010921n2001 000 0 eng u
035 _a(Sirsi) u114714
041 _aeng.
050 _a658.562
110 _aAssociation of Consulting Engineers
_91225
245 _aStriving for business excellence: a handbook of performance indicators for construction consultants
260 _aLondon
_bAssociation of Consulting Engineers
_c2001
300 _a30p.
_c31cm.
350 _a15.00
650 _aBENCHMARKING
650 _aKEY ORGANISATIONS 1997
650 _aMANAGEMENT-BUSINESS MANAGEMENT
650 _aCONSTRUCTION CONSULTANTS
690 _aBUILT ENVIRONMENT
710 _aRoyal Institute of British Architects
_92527
710 _aRoyal Institution of Chartered Surveyors
_94900
710 _aUnited Kingdom
_bDepartment of the Environment, Transport and the Regions
_93507
710 _aInstitution of Civil Engineers
_91402
942 _n0
999 _c101642
_d101642